Gaming Quiz

Random Gaming or Pokémon Quiz

Johto Map Pokemon Quiz Stats

 Plays Quiz not verified by Sporcle

Also try: Kanto Map Pokemon
Challenge
Share
Tweet
Score 0/16 Timer 05:00
0 Plays Today
% Correct
Goldenrod City
88.8%
Lake of rage
86.3%
Violet City
86.3%
New Bark Town
83.8%
Ecruteak City
81.3%
Mahogany Town
78.8%
Blackthorn City
76.3%
Olivine City
75%
% Correct
Cianwood City
73.8%
Mt Silver
72.5%
Cherrygrove city
72.5%
Safari zone
61.3%
Ruins of Alph
57.5%
National Park
55%
Whirl Islands
53.8%
Azelea Town
43.8%

You're not logged in!

Compare scores with friends on all Sporcle quizzes.
OR
Log In

You Might Also Like...

Show Comments

Extras

Created Aug 19, 2016ReportNominate
Tags:Pokémon Quiz, johto, map

Top Quizzes Today


Score Distribution

Your Account Isn't Verified!

In order to create a playlist on Sporcle, you need to verify the email address you used during registration. Go to your Sporcle Settings to finish the process.

Report this User

Report this user for behavior that violates our Community Guidelines.

Details: